Sesión inaugural del curso académico celebrada el día 25 de enero de 1970 (Record no. 122847)

MARC details
000 -LEADER
campo de control de longitud fija 01221nam a2200253 i 4500
001 - NÚMERO DE CONTROL
campo de control 122847
003 - IDENTIFICADOR DE NÚMERO DE CONTROL
campo de control ES-MaACL
005 - FECHA Y HORA DE LA ÚLTIMA TRANSACCIÓN
campo de control 20251003161504.0
007 - CAMPO FIJO DE DESCRIPCIÓN FÍSICA--INFORMACIÓN GENERAL
campo de control de longitud fija t|
008 - DATOS DE LONGITUD FIJA--INFORMACIÓN GENERAL
campo de control de longitud fija 070214s1970 sp c |||| | spa d
110 2# - ENTRADA PRINCIPAL--NOMBRE DE ENTIDAD CORPORATIVA
Nombre de entidad corporativa o nombre de jurisdicción como elemento de entrada Real Academia de Medicina y Cirugía del Distrito de Granada.
9 (RLIN) 6331
245 10 - MENCIÓN DEL TÍTULO
Título Sesión inaugural del curso académico celebrada el día 25 de enero de 1970
Resto del título : memoria de Secretaría /
Mención de responsabilidad, etc. por... Don Juan A. Pulgar Ruiz ; discurso de recepción del académico... Don Juan M. Ortiz Picón [tema: La obra histoneurológica del doctor Pío del Río-Hortega (1862-1945)] ; discurso de contestación del académico... Don Luis Rojas Ballesteros.
246 34 - FORMA VARIANTE DEL TITULO
Título propio/Titulo breve Sesión inaugural 25 de enero de 1970
260 ## - PUBLICACIÓN, DISTRIBUCIÓN, ETC.
Lugar de publicación, distribución, etc. Granada :
Nombre del editor, distribuidor, etc. Real Academia de Medicina,
Fecha de publicación, distribución, etc. [1970]
300 ## - DESCRIPCIÓN FÍSICA
Extensión 73, [7] p. :
Otras características físicas 1 retr. ;
Dimensiones 24 cm.
594 ## - Nota al título y mención de responsabilidad
Nota al título y mención de responsabilidad Precede al tít.: Real Academia de Medicina del Distrito de Granada.
599 ## - NOTA A LAS ILUSTRACIONES
NOTA A LAS ILUSTRACIONES Retr. de Pío del Río-Hortega.
600 14 - PUNTO DE ACCESO ADICIONAL DE MATERIA--NOMBRE DE PERSONA
Nombre de persona Río Hortega, Pío del,
Fechas asociadas al nombre 1882-1945
9 (RLIN) 97326
700 1# - ENTRADA AGREGADA--NOMBRE PERSONAL
Nombre de persona Pulgar Ruiz, Juan A.
9 (RLIN) 94369
700 1# - ENTRADA AGREGADA--NOMBRE PERSONAL
Nombre de persona Ortiz Picón, Juan Manuel.
9 (RLIN) 87637
700 1# - ENTRADA AGREGADA--NOMBRE PERSONAL
Nombre de persona Rojas Ballesteros, Luis.
9 (RLIN) 99063
852 ## - LOCALIZACIÓN
Ubicación ES-MaACL
Número de control de estantería C-41741
Holdings
Estatus retirado Estado de pérdida Estado de daño No para préstamo Biblioteca de origen Biblioteca actual Ubicación en estantería Fecha de adquisición Fuente de adquisición Total de préstamos Signatura topográfica completa Código de barras Visto por última vez Precio de reemplazo Tipo de ítem Koha
        Biblioteca del Ateneo de Madrid Biblioteca del Ateneo de Madrid Depósito 2 17/01/2008     C-41741 1128004 23/02/2023 23/02/2023 Libro impreso